Tous les cantons du Val-d'Oise sur une carte - Statistiques

Statistiques générales
  • Ce quiz a été pris 71 fois
  • Le résultat moyen est 13 sur 21
Réponses sur la Carte
Les réponses sont colorées sur une échelle allant du rouge au vert en fonction du pourcentage des utilisateurs qui les ont devinées à leur premier essai. Vous pouvez retrouver ces pourcentages ci-dessous.
 
Statistiques - réponses
Canton % Correct
Cergy-1
98%
Cergy-2
98%
Pontoise
93%
Argenteuil-1
85%
Argenteuil-2
85%
Argenteuil-3
85%
Sarcelles
80%
Garges-lès-Gonesse
65%
Montmorency
65%
Goussainville
59%
Herblay-sur-Seine
59%
Franconville
57%
Ermont
50%
Saint-Ouen-l'Aumône
50%
L'Isle-Adam
48%
Villiers-le-Bel
46%
Deuil-la-Barre
44%
Taverny
41%
Domont
39%
Fosses
28%
Vauréal
28%
Aucun quiz correspondant
Distribution des résultats
% des personnes avec chaque résultat
Percentile par nombre de réponses
Votre historique - résultats
Vous n’avez pas pris ce quiz